| 000 | 00676nam a22002057a 4500 | ||
|---|---|---|---|
| 999 |
_c14359 _d14359 |
||
| 003 | AR-CdUCM | ||
| 008 | 190422b ||||| |||| 00| 0 spa d | ||
| 020 | _a978-849-825-759-5 | ||
| 040 |
_aMUNICIPALIDAD PROVINCIAL DEL CUSCO _cBIBLIOTECA MUNICIPAL DEL CUSCO |
||
| 082 |
_aPI / 376.1 / _bC73 |
||
| 245 | _aLas mascotas al dedill / | ||
| 260 |
_aBarcelona: _bCombel, _c2012. |
||
| 300 |
_a12 paginas ; _bIlustraciones con pelajes, _c23 cm. |
||
| 500 | _aTitulo original : Mes animaux familiers á toucher | ||
| 650 |
_aLibros infantiles _924633 |
||
| 650 |
_aCuentos para niños _933104 |
||
| 650 |
_aMascotas _933105 |
||
| 942 |
_2ddc _cLIBROS |
||
| 945 |
_awnts _d2019-04-22 |
||